000 01093ngm a2200301 i 4500
005 20220317000226.0
007 ta
008 141031s2005 ck 0 sga d s spa
020 _a1563318830
040 _aCO-BoRNBP
_bspa
_erda
_cCO-BoRNBP
082 0 4 _a597.96
_bD37s
100 1 _aTurnbull, Mitch
110 2 _aDiscovery Channel School
_98310
245 1 0 _aSerpientes
_cDiscovery Channel School
_hvideodisco digital
250 _aPrimera edición
264 1 _aBogotá
_bMS Tv & Videos
_c2005
300 _a1 DVD (30 minutos)
_bEstéreo, sonido, color
_c12 cm
336 _aimagen en movimiento bidimensional
_btdi
_2rdacontent
337 _avideo
_bv
_2rdamedia
338 _avideodisco
_bvd
_2rdacarrier
534 _tThe ultimate guide : Snakes
650 1 7 _2LEMB
_aCine documental
_vVideodisco digital
650 1 7 _2LEMB
_aSerpientes
_vVideodisco digital
650 1 7 _2LEMB
_aSerpientes
_xClasificación
_vVideodisco digital
650 1 7 _2LEMB
_aSerpientes
_xHábitos y conductas
_vVideodisco digital
650 1 7 _2LEMB
_aAnfibios
_xHábitos y conductas
_vVideodisco digital
942 _2ddc
_cDVD
999 _c3453
_d3453